[Event "Vandoeuvre op"]
[Site "Vandoeuvre"]
[Date "2004.??.??"]
[Round "5"]
[White "Depoorter, Enguerran"]
[Black "Taddei, Benoit"]
[Result "0-1"]
[WhiteElo "2122"]
[BlackElo "2295"]
[PlyCount "112"]
[EventDate "2004.12.26"]
[EventType "swiss"]
[EventRounds "9"]
[EventCountry "FRA"]
[SourceTitle "CBM 104 Extra"]
[Source "ChessBase"]
[SourceDate "2005.03.01"]
[SourceVersion "1"]
[SourceVersionDate "2005.03.01"]
[SourceQuality "1"]

1. d4 Nf6 2. Nf3 g6 3. Bg5 Bg7 4. Nbd2 h6 5. Bh4 0-0 6. e4 d6 7. Bd3 Nc6 8. c3 Nh5 9. Bg3 e5 10. dxe5 dxe5 11. Bc4 Qe8 12. Qe2 Kh8 13. h3 f5 14. Bh2 f4 15. 0-0-0 Na5 16. Bb5 c6 17. Nc4 cxb5 18. Nxa5 b6 19. Nb3 Be6 20. Rd6 Rg8 21. g4 Bc4 22. Qc2 Bf8 23. Rdd1 Ng7 24. Nfd2 Bf7 25. Kb1 a5 26. f3 a4 27. Nc1 Qc6 28. Bg1 Be7 29. Bf2 Rgc8 30. Qd3 Rd8 31. Qe2 b4 32. cxb4 Rdc8 33. Ka1 Bxb4 34. Nd3 Qb5 35. a3 Bf8 36. Nxf4 Qc6 37. Nd5 Bxa3 38. Rc1 Bc5 39. Bxc5 bxc5 40. Nc4 a3 41. bxa3 Bxd5 42. exd5 Qxd5 43. Rhd1 Qf7 44. Qe3 Rcb8 45. Qxh6+ Kg8 46. Qe3 Ra4 47. Qd3 Qa7 48. Qd5+ Kh7 49. Rd3 Rbb4 50. Ka2 Qa6 51. Nb2 Rd4 52. Qb3 Rab4 53. Qc3 Rxb2+ 54. Qxb2 Rxd3 55. Rxc5 Qe6+ 56. Ka1 Rxf3 0-1

[Event "Bethune op 24th"]
[Site "Bethune"]
[Date "2003.12.26"]
[Round "1"]
[White "Franck, Boris"]
[Black "Depoorter, Enguerran"]
[Result "0-1"]
[WhiteElo "2001"]
[BlackElo "2146"]
[PlyCount "80"]
[EventDate "2003.12.26"]
[EventType "swiss"]
[EventRounds "9"]
[EventCountry "FRA"]
[SourceTitle "CBM 098 Extra"]
[Source "ChessBase"]
[SourceDate "2004.03.10"]
[SourceVersion "2"]
[SourceVersionDate "2004.03.10"]
[SourceQuality "1"]

1. e4 c5 2. c3 d5 3. exd5 Qxd5 4. d4 cxd4 5. cxd4 Nc6 6. Nf3 Bg4 7. Nc3 Qa5 8. Bc4 e6 9. 0-0 Rd8 10. Be3 Nf6 11. h3 Bh5 12. Qe2 Be7 13. Rfd1 0-0 14. a3 Rc8 15. g4 Bg6 16. Nh4 Rfd8 17. Nxg6 hxg6 18. g5 Nh5 19. Qg4 Kh8 20. h4 Bd6 21. Qe4 Qf5 22. Qxf5 gxf5 23. g6 f4 24. Bc1 Be7 25. b3 Nxd4 26. Bb2 fxg6 27. Ne4 Nf3+ 28. Kf1 Bxh4 29. Nd6 Rc7 30. Bxe6 Ng5 31. Bc4 Kh7 32. Nb5 Rcd7 33. Rxd7 Rxd7 34. Bc3 Ne4 35. Ra2 a6 36. Be6 Rd1+ 37. Ke2 axb5 38. Kxd1 Nxc3+ 39. Kc2 Nxa2 40. f3 Bf6 0-1

[Event "FRA-chT3 North 0304"]
[Site "France"]
[Date "2003.11.16"]
[Round "3.6"]
[White "Depoorter, Enguerran"]
[Black "Benoit, Jean Christophe"]
[Result "1-0"]
[WhiteElo "2122"]
[BlackElo "1990"]
[PlyCount "45"]
[EventDate "2003.11.??"]
[EventType "team"]
[EventRounds "9"]
[EventCountry "FRA"]
[SourceTitle "EXT 2006"]
[Source "ChessBase"]
[SourceDate "2005.11.24"]
[SourceVersion "1"]
[SourceVersionDate "2005.11.24"]
[SourceQuality "1"]
[WhiteTeam "Neuville en Ferrain"]
[BlackTeam "Charleville Mezieres"]
[WhiteTeamCountry "FRA"]
[BlackTeamCountry "FRA"]

1. e4 e6 2. Nf3 d5 3. e5 c5 4. b4 cxb4 5. a3 bxa3 6. Bxa3 Bxa3 7. Nxa3 Bd7 8. c3 Ne7 9. d4 a6 10. Bd3 Nbc6 11. Qb1 b5 12. Bxh7 g6 13. Ng5 Nf5 14. h4 Nxh4 15. Qc1 Nf5 16. g4 Nfxd4 17. cxd4 Nxd4 18. Nxf7 Kxf7 19. Qf4+ Nf5 20. gxf5 gxf5 21. Qh6 Bc6 22. Bg6+ Ke7 23. Qg7# 1-0

[Event "FRA-ch Accession"]
[Site "Aix les Bains"]
[Date "2003.08.21"]
[Round "1"]
[White "Bijaoui, Manuel"]
[Black "Depoorter, Enguerran"]
[Result "1-0"]
[WhiteElo "2287"]
[BlackElo "2143"]
[PlyCount "81"]
[EventDate "2003.08.19"]
[EventType "swiss"]
[EventRounds "11"]
[EventCountry "FRA"]
[SourceTitle "EXT 2004"]
[Source "ChessBase"]
[SourceDate "2003.11.25"]
[SourceVersion "1"]
[SourceVersionDate "2003.11.25"]
[SourceQuality "1"]

1. e4 e5 2. Nf3 Nc6 3. Nc3 Nf6 4. a3 Be7 5. d4 exd4 6. Nxd4 0-0 7. Bb5 Re8 8. 0-0 a6 9. Nxc6 dxc6 10. Bd3 Bc5 11. h3 Qd6 12. Qf3 Bd4 13. Bf4 Be5 14. Bxe5 Qxe5 15. Rae1 b5 16. Qd1 Nh5 17. Qc1 Nf4 18. Re3 Re6 19. Ne2 c5 20. Nxf4 Qxf4 21. Rfe1 Bb7 22. g3 Qh6 23. Bf1 Rae8 24. c4 b4 25. Qd1 Qf6 26. Qc2 Qe7 27. Bg2 f6 28. f4 Rd8 29. Qf2 Re8 30. Kh2 Qf7 31. R3e2 Qe7 32. Bf3 Rb6 33. a4 b3 34. e5 f5 35. Bd5+ Kh8 36. Qf3 c6 37. a5 cxd5 38. axb6 dxc4 39. Qc3 Qe6 40. Rd1 Qxb6 41. Red2 1-0

[Event "FRA-ch Accession"]
[Site "Aix les Bains"]
[Date "2003.08.21"]
[Round "11"]
[White "Derieux, Christian"]
[Black "Depoorter, Enguerran"]
[Result "1-0"]
[WhiteElo "2207"]
[BlackElo "2143"]
[PlyCount "43"]
[EventDate "2003.08.19"]
[EventType "swiss"]
[EventRounds "11"]
[EventCountry "FRA"]
[SourceTitle "EXT 2004"]
[Source "ChessBase"]
[SourceDate "2003.11.25"]
[SourceVersion "1"]
[SourceVersionDate "2003.11.25"]
[SourceQuality "1"]

1. d4 Nf6 2. c4 g6 3. Nc3 Bg7 4. e4 d6 5. Nge2 0-0 6. Ng3 e5 7. d5 a5 8. Be2 Na6 9. h4 h5 10. Bg5 Qe8 11. Qd2 Kh7 12. 0-0-0 Ng8 13. Rdg1 f6 14. Be3 Bh6 15. Nf1 Bxe3 16. Nxe3 f5 17. exf5 gxf5 18. f3 Nh6 19. g4 Rg8 20. g5 Nf7 21. Bd3 Nh8 22. Nxf5 1-0

[Event "FRA-ch Accession"]
[Site "Aix les Bains"]
[Date "2003.08.19"]
[Round "9"]
[White "Dieu, Bruno"]
[Black "Depoorter, Enguerran"]
[Result "1/2-1/2"]
[WhiteElo "2304"]
[BlackElo "2143"]
[PlyCount "34"]
[EventDate "2003.08.19"]
[EventType "swiss"]
[EventRounds "11"]
[EventCountry "FRA"]
[SourceTitle "EXT 2004"]
[Source "ChessBase"]
[SourceDate "2003.11.25"]
[SourceVersion "1"]
[SourceVersionDate "2003.11.25"]
[SourceQuality "1"]

1. d4 Nf6 2. c4 g6 3. Nc3 Bg7 4. e4 d6 5. Nge2 0-0 6. Ng3 e5 7. d5 a5 8. Be2 Na6 9. h4 h5 10. Bg5 Qe8 11. Qd2 Kh7 12. f3 Ng8 13. 0-0 Bh6 14. f4 exf4 15. Qxf4 f6 16. Bxh6 Nxh6 17. Rad1 Bd7 1/2-1/2

[Event "La Fere op 2nd"]
[Site "La Fere"]
[Date "2003.06.28"]
[Round "1"]
[White "Depoorter, Enguerran"]
[Black "Shchekachev, Andrei"]
[Result "0-1"]
[WhiteElo "2101"]
[BlackElo "2592"]
[PlyCount "66"]
[EventDate "2003.06.28"]
[EventType "swiss"]
[EventRounds "9"]
[EventCountry "FRA"]
[SourceTitle "EXT 2004"]
[Source "ChessBase"]
[SourceDate "2003.11.25"]
[SourceVersion "1"]
[SourceVersionDate "2003.11.25"]
[SourceQuality "1"]

1. e4 c5 2. Nf3 d6 3. Bb5+ Nd7 4. d4 Ngf6 5. Nc3 cxd4 6. Qxd4 e5 7. Qd3 h6 8. 0-0 Be7 9. Nd2 0-0 10. Bxd7 Bxd7 11. Nc4 Be6 12. Ne3 Rc8 13. Rd1 Rc5 14. b3 a6 15. Na4 Rc8 16. c4 b5 17. cxb5 axb5 18. Nc3 Nd7 19. Ba3 Qa5 20. Nxb5 Rfd8 21. Qe2 Bg5 22. Bxd6 Bxe3 23. fxe3 Nf6 24. Rdc1 Nxe4 25. Bc7 Qd2 26. Qxd2 Rxd2 27. a4 Bxb3 28. Bxe5 Rxc1+ 29. Rxc1 Bxa4 30. Nc3 Bc6 31. Nb1 Re2 32. Kf1 Bb5 33. Na3 Rc2+ 0-1

[Event "Cappelle op 19th"]
[Site "Cappelle la Grande"]
[Date "2003.02.25"]
[Round "5"]
[White "Janev, Evgeni"]
[Black "Depoorter, Enguerran"]
[Result "1-0"]
[WhiteElo "2465"]
[BlackElo "2095"]
[PlyCount "55"]
[EventDate "2003.02.22"]
[EventType "swiss"]
[EventRounds "9"]
[EventCountry "FRA"]
[SourceTitle "CBM 092 Extra"]
[Source "ChessBase"]
[SourceDate "2003.03.07"]
[SourceVersion "1"]
[SourceVersionDate "2003.03.07"]
[SourceQuality "1"]

1. e4 c5 2. Nf3 e6 3. Qe2 Nc6 4. g3 g6 5. Bg2 Bg7 6. h4 h5 7. 0-0 d6 8. c3 Nge7 9. d3 0-0 10. Na3 Rb8 11. d4 cxd4 12. cxd4 a6 13. Bg5 Qd7 14. Rfd1 Re8 15. e5 Nf5 16. Nc4 d5 17. Ne3 Nce7 18. Bh3 b6 19. g4 Nxe3 20. Qxe3 hxg4 21. Bxg4 Nf5 22. Qf4 Rb7 23. Kg2 Qb5 24. Rd2 Rc7 25. Rh1 Bb7 26. h5 Rec8 27. Bxf5 exf5 28. h6 1-0

[Event "FRA-chT3 Gr8 0203"]
[Site "France"]
[Date "2003.02.02"]
[Round "6"]
[White "Riquier, Laurent"]
[Black "Depoorter, Enguerran"]
[Result "0-1"]
[WhiteElo "1940"]
[BlackElo "2143"]
[PlyCount "74"]
[EventDate "2002.10.??"]
[EventType "team"]
[EventRounds "9"]
[EventCountry "FRA"]
[SourceTitle "EXT 2005"]
[Source "ChessBase"]
[SourceDate "2004.11.15"]
[SourceVersion "1"]
[SourceVersionDate "2004.11.15"]
[SourceQuality "1"]

1. d4 Nf6 2. Nf3 g6 3. Bg5 Bg7 4. e3 c5 5. c3 Qc7 6. Nbd2 b6 7. Bd3 Bb7 8. Qe2 0-0 9. h4 d6 10. Bxf6 exf6 11. h5 Re8 12. Nh4 cxd4 13. cxd4 Nc6 14. Rc1 Qd7 15. Bb5 a6 16. hxg6 hxg6 17. Bxc6 Bxc6 18. b3 Bb5 19. Qd1 a5 20. a4 Ba6 21. Nc4 Rab8 22. d5 f5 23. 0-0 Re4 24. Nf3 Bf6 25. Nfd2 Rh4 26. g3 Rh5 27. Kg2 Kg7 28. Qf3 b5 29. axb5 Rxb5 30. Rh1 Rxh1 31. Kxh1 Bb7 32. e4 Qe7 33. Ne3 Bd4 34. exf5 Bxe3 35. Qxe3 Qxe3 36. fxe3 Rxd5 37. Nc4 Rd1+ 0-1

[Event "FRA-chT3 Gr8 0203"]
[Site "France"]
[Date "2003.01.19"]
[Round "5"]
[White "Depoorter, Enguerran"]
[Black "Carlier, Guillaume"]
[Result "1-0"]
[WhiteElo "2143"]
[BlackElo "2098"]
[PlyCount "43"]
[EventDate "2002.10.??"]
[EventType "team"]
[EventRounds "9"]
[EventCountry "FRA"]
[SourceTitle "EXT 2005"]
[Source "ChessBase"]
[SourceDate "2004.11.15"]
[SourceVersion "1"]
[SourceVersionDate "2004.11.15"]
[SourceQuality "1"]

1. e4 c5 2. Nf3 e6 3. d4 cxd4 4. Nxd4 a6 5. Bd3 Qc7 6. Qe2 d6 7. 0-0 Nf6 8. c4 Be7 9. Nc3 0-0 10. Be3 Nbd7 11. Rac1 Ne5 12. f3 Nfd7 13. b3 Nc6 14. f4 Bf6 15. Nf3 Qa5 16. Nd1 Nb4 17. Bb1 b5 18. e5 dxe5 19. fxe5 Nxe5 20. Nxe5 Bxe5 21. Bc5 Bxh2+ 22. Kh1 1-0